书目信息 |
| 题名: |
图解妊娠和分娩手册
|
|
| 作者: | 杉木充弘 著 ;顾亚娟 译 | |
| 分册: | ||
| 出版信息: | 南京 江苏科学技术出版社 2005 |
|
| 页数: | 14,246页 | |
| 开本: | 21cm | |
| 丛书名: | ||
| 单 册: | ||
| 中图分类: | R715.3 | |
| 科图分类: | ||
| 主题词: | 围产期 , 保健 , 围产期--保健--基本知识 | |
| 电子资源: | ||
| ISBN: | 7-5345-4551-X | |
| 000 | 00859nam0 2200253 450 | |
| 001 | 002973618 | |
| 005 | 20061107101450.21 | |
| 010 | @a7-5345-4551-X@dCNY30.00 | |
| 100 | @a20050815d2005 em y0chiy0110 ea | |
| 101 | 1 | @achi@cjpn |
| 102 | @aCN@b320000 | |
| 105 | @aa z 000yy | |
| 200 | 1 | @a图解妊娠和分娩手册@9tu jie ren shen he fen mian shou ce@f[日]杉木充弘原著@g顾亚娟翻译 |
| 210 | @a南京@c江苏科学技术出版社@d2005 | |
| 215 | @a14,246页@c图,照片@d21cm | |
| 330 | @a怀孕、分娩、育儿绝对不是件轻松的事,本书帮助那些准爸爸、准妈妈为迎接新生命积极做好准备,还介绍了“分娩计划”的方法。 | |
| 606 | 0 | @a围产期 |
| 606 | 0 | @a保健 |
| 606 | 0 | @a围产期@x保健@x基本知识 |
| 690 | @aR715.3@v4 | |
| 701 | 0 | @c(日)@a杉木充弘@9shan mu chong hong@4著 |
| 702 | 0 | @a顾亚娟@9gu ya juan@c(日文翻译)@4译 |
| 801 | 0 | @aCN@bNLC@c20061107 |
| 905 | @a10447@dR715.3@e17 | |
| 图解妊娠和分娩手册/[日]杉木充弘原著/顾亚娟翻译.-南京:江苏科学技术出版社,2005 |
| 14,246页:图,照片;21cm |
| ISBN 7-5345-4551-X:CNY30.00 |
| 怀孕、分娩、育儿绝对不是件轻松的事,本书帮助那些准爸爸、准妈妈为迎接新生命积极做好准备,还介绍了“分娩计划”的方法。 |
| ● |
| 相关链接 |
|
|
|
|
正题名:图解妊娠和分娩手册
索取号:R715.3/17
 
预约/预借
| 序号 | 登录号 | 条形码 | 馆藏地/架位号 | 状态 | 备注 |
| 1 | 0382311 | 203823112 | 第二样本阅览室/ [索取号:R715.3/17] | 在馆 | |
| 2 | 0382312 | 203823121 | 第三借阅区/ [索取号:R715.3/17] | 在馆 | |
| 3 | 0382313 | 203823130 | 第三借阅区/ [索取号:R715.3/17] | 在馆 | |
| 4 | 0382314 | 203823149 | 第三借阅区/ [索取号:R715.3/17] |
已借出,限还日期为2018.11.12 借出人:刘 畅 |
|
| 5 | 0382315 | 203823158 | 第三借阅区/ [索取号:R715.3/17] | 在馆 |